De víctimas a sobrevivientes: la fuerza poiética y resiliente del cuidar = From victims to survivors: the poietic and resilient force of caring /

Uloženo v:
Podrobná bibliografie
Hlavní autor: Comins-Mingol, Irene
Médium: Text
Tagy: Přidat tag
Žádné tagy, Buďte první, kdo vytvoří štítek k tomuto záznamu!

MARC

LEADER 00000 a a2200000 04500
001 48731
003
040
100 |a Comins-Mingol, Irene  
245 |a De víctimas a sobrevivientes: la fuerza poiética y resiliente del cuidar =   |b From victims to survivors: the poietic and resilient force of caring /  |c Irene Comins-Mingol  
773 |a volumen22, número67, (2015), páginas 35-54  
999 |c 30254  |d 30254